Liedtext - Mensch - Herbert Grönemeyer - Statistiken

Allgemein
  • Dieses Quiz wurde 302 mal gespielt
  • Das Durchschnittsergebnis liegt bei 157 aus 222
Antwortstatistiken
Textquiz % Korrekt
Mensch
99%
der
96%
er
96%
Und
93%
und
93%
weil
92%
du
90%
ist
90%
lacht
86%
es
82%
Es
82%
lebt
82%
heißt
80%
die
78%
fehlst
78%
liebt
71%
oh
71%
auf
70%
ich
70%
den
69%
vergisst
69%
alles
68%
dem
68%
nicht
66%
ok
64%
Das
62%
das
62%
mit
62%
vergibt
61%
Weg
61%
am
60%
nach
58%
gut
57%
Sonnenzeit
57%
des
56%
kommt
56%
Leben
56%
nichts
56%
richtig
56%
Flut
55%
verdrängt
55%
Ebbe
54%
Momentan
54%
ohne
53%
wichtig
53%
wirklich
49%
Strand
48%
dein
47%
leicht
46%
mir
46%
mitfühlt
46%
nur
46%
Verstand
46%
deine
45%
frei
45%
hofft
45%
Sand
45%
auch
44%
Liebe
44%
unbeschwert
44%
vergebens
44%
wenn
43%
will
43%
geht
40%
Träume
40%
Wort
38%
bau
37%
hat
37%
deinen
35%
Grund
35%
Frieden
34%
kämpft
33%
teil
33%
sich
32%
Gas
31%
geöffnet
30%
Elektrik
29%
geborgt
29%
Telefon
27%
unbezahlt
26%
Firmament
25%
vertraut
24%
ozeanblau
23%
schwärmt
23%
ungetrübt
23%
anlehnt
22%
erzählt
22%
glaubt
18%
wärmt
18%
wolkenlos
18%
irrt
9%
stählt
5%
Keine übereinstimmenden Quizze gefunden
Verteilung der Resultate
Anzahl Personen mit jedem Resultat
Perzentil nach korrekt beantworteten Fragen
Ihre Resultats-Entwicklung
Sie haben dieses Quiz noch nicht gespielt